Stray Kids all songs(August 2025 update) - Statistics

General Stats
  • This quiz has been taken 440 times
    97 since last reset
  • The average score is 119 of 199
Answer Stats
album song % Correct
I am YOU N/S
100%
CIRCUS CIRCUS
98%
GIANT GIANT
98%
KARMA CEREMONY
96%
NOEASY Thunderous
96%
JAPAN 3rd Mini Album Pre-Release Hollow
94%
Social Path / Super Bowl (Japanese ver.) Social Path
94%
ATE Chk Chk Boom
91%
ODDINARY MANIAC
91%
Clé 1 : MIROH MIROH
91%
ALL IN ALL IN
89%
MAXIDENT CASE 143
89%
樂-STAR LALALALA
89%
English Digital Single(ft. Charlie Puth) Lose My Breath
89%
合 (HOP) Walkin On Water
89%
Christmas EveL Christmas EveL
87%
GO生 God's Menu
87%
★★★★★(5-STAR) S-Class
87%
THE SOUND THE SOUND
87%
Digital Single (Tower of God OST) TOP
87%
合 (HOP) U
87%
IN生 Back Door
85%
Digital Single Hellevator
85%
Clé : LEVANTER Levanter
85%
NOEASY Red Lights
85%
Mixtape : dominATE Truman
85%
Mixtape : dominATE Burnin' Tires
81%
ODDINARY Charmer
81%
KARMA CREED
81%
Mixtape : dominATE ESCAPE
81%
合 (HOP) HALLUCINATION
81%
合 (HOP) Hold my hand
81%
I am YOU I am YOU
81%
SKZ-REPLAY RUN
81%
Scars /Thunderous (Japanese ver.) Scars
81%
★★★★★(5-STAR) Super Bowl
81%
GO生 TA
81%
MAXIDENT TASTE
81%
合 (HOP) ULTRA
81%
合 (HOP) Unfair
81%
ODDINARY VENOM
81%
KARMA BLEEP
79%
NOEASY Cheese
79%
Mixtape : dominATE CINEMA
79%
合 (HOP) Railway
79%
合 (HOP) So Good
79%
合 (HOP) Youth
79%
Clé 1 : MIROH Broken Compass
(Mixtape#4)
77%
樂-STAR Megaverse
77%
ATE MOUNTAINS
77%
ODDINARY Muddy Water
77%
樂-STAR COMFLEX
74%
NOEASY DOMINO
74%
KARMA Phoenix
74%
Christmas EveL 24 to 25
72%
★★★★★(5-STAR) Hall of Fame
72%
KARMA In My Head
72%
I am WHO My Pace
72%
NOEASY Secret Secret
72%
NOEASY Silent Cry
72%
MAXIDENT 3RACHA
70%
I am WHO Behind the light (Mixtape#2)
70%
合 (HOP) Bounce Back
70%
樂-STAR Cover Me
70%
★★★★★(5-STAR) DLC
70%
Clé : LEVANTER Hoodie Season (Mixtape#5)
70%
ATE Runners
70%
I am NOT District 9
68%
I am YOU For You (Mixtape#3)
68%
ATE JJAM
68%
SKZ-REPLAY Limbo
68%
I am NOT Placebo (Mixtape#1)
68%
ATE Stray Kids
68%
合 (HOP) As we are
66%
GO生 Easy
66%
★★★★★(5-STAR) FNF
66%
ODDINARY FREEZE
66%
KARMA Half Time
66%
ATE I Like It
66%
★★★★★(5-STAR) TOPLINE
66%
ATE Twilight
66%
MAXIDENT Can't Stop
64%
SKZ-REPLAY Drive
64%
KARMA Ghost
64%
SKZ-REPLAY Maknae On Top
64%
MAXIDENT SUPER BOARD
64%
NOEASY Surfin'
64%
Christmas EveL Winter Falls
64%
IN生 Any
62%
MAXIDENT CHILL
62%
★★★★★(5-STAR) Collision
62%
ALL IN FAM
62%
SKZ-REPLAY ice.cream
62%
SKZ-REPLAY I Hate to Admit
62%
樂-STAR Leave
62%
ODDINARY Lonely St.
62%
KARMA 0801
60%
★★★★★(5-STAR) ITEM
60%
6th Digital Single(Mixtape Project) Mixtape : Time Out
60%
IN生 The Tortoise and the Hare
60%
★★★★★(5-STAR) Youtiful
60%
SKZ-REPLAY Deep end
57%
2nd Digital Single Double Knot
57%
IN生 Ex
57%
MAXIDENT Give Me Your TMI
57%
SKZ-REPLAY Stars and Raindrops
57%
★★★★★(5-STAR) Time Out
57%
SKZ-REPLAY Alien
55%
Clé : LEVANTER Astronaut
55%
NOEASY Gone Away
55%
KARMA MESS
55%
5th Digital Single(Mixtape Project) Mixtape : Oh
55%
NOEASY WOLFGANG
55%
樂-STAR BLIND SPOT
53%
SKZ-REPLAY HaPpY
53%
I am NOT Mirror
53%
GO生 Phobia
53%
NOEASY Sorry, I Love You
53%
NOEASY The View
53%
IN生 Wow
53%
Clé 1 : MIROH Boxer
51%
SKZ-REPLAY DOODLE
51%
Clé 2 : Yellow Wood Side Effects
51%
Digital Single (Tower of God OST) SLUMP
51%
SKZ-REPLAY Streetlight
51%
SKZ-REPLAY Up All Night
51%
ODDINARY Waiting For Us
51%
I am NOT 3rd Eye
49%
Digital single (Tower of God 2 OST) Falling Up
49%
I am YOU Get Cool
49%
★★★★★(5-STAR) GET LIT
49%
NOEASY SSICK
49%
NOEASY Star Lost
49%
CIRCUS Your Eyes
49%
GO生 Airplane
47%
I am WHO Awkward Silence
47%
Mixtape BEWARE
47%
Clé 1 : MIROH Chronosaurus
47%
SKZ-REPLAY Connected
47%
I am WHO Insomnia
47%
Hollow Parade
47%
Mixtape School Life
47%
Mixtape YAYAYA
47%
SKZ-REPLAY ZONE
47%
SKZ-REPLAY Because
45%
GO生 Blueprint
45%
THE SOUND DLMLU
45%
GO生 Haven
45%
SKZ-REPLAY Hug Me
45%
SKZ-REPLAY I GOT IT
45%
SKZ-REPLAY #LoveSTAY
45%
3rd Digital Single(Mixtape Project) Mixtape : Gone Days
45%
Clé 1 : MIROH Victory Song
45%
I am WHO Voices
45%
GIANT WHY?
45%
I am YOU 0325
43%
THE SOUND Battle Ground
43%
Clé : LEVANTER Booster
43%
Social Path / Super Bowl (Japanese ver.) Butterflies
43%
GIANT Christmas Love
43%
I am WHO Question
43%
Clé 1 : MIROH 19
40%
Mixtape 4419
40%
I am YOU Hero's Soup
40%
Clé 1 : MIROH Maze of Memories
40%
GO生 Pacemaker
40%
I am NOT Awaken
38%
SKZ-REPLAY miss you
38%
Digital single (Tower of God 2 OST) NIGHT
38%
Clé : LEVANTER STOP
38%
IN生 We Go
38%
IN生 B Me
36%
SKZ-REPLAY Love Untold
36%
Hollow Never Alone
36%
THE SOUND Novel
36%
Mixtape Spread My Wings
36%
SKZ-REPLAY Wish You Back
36%
Clé : LEVANTER You Can STAY
36%
GO生 Another Day
34%
I am YOU My Side
34%
I am NOT ROCK
34%
Clé : LEVANTER Sunshine
34%
SKZ-REPLAY Close
32%
Mixtape GLOW
32%
I am NOT Grow Up
32%
4th Digital Single (Mixtape Project) Mixtape : On Track
32%
IN生 My Universe
32%
GIANT Saiyan
32%
Clé 2 : Yellow Wood TMT
32%
Hollow just a little
30%
I am WHO M.I.A.
30%
THE SOUND There
30%
CIRCUS Fairytale
28%
Scars /Thunderous (Japanese ver.) CALL
26%
SKZ-REPLAY Piece of a Puzzle
26%
ALL IN One Day
21%
THE SOUND Lost Me
19%
Hollow FATE
17%
GIANT love is painful
6%
No matching quizzes found
Score Distribution
Percent of People with Each Score
Percentile by Number Answered
Your Score History
You have not taken this quiz since the last reset